Tập bài giảng tiếng anh nâng cao

Saved in:
Bibliographic Details
Main Author: Khoa Quốc tế học
Format: Book
Language:English
Subjects:
Tags: Add Tag
No Tags, Be the first to tag this record!
Institutions: Mạng thư viện Đại học Đà Nẵng
LEADER 01043nam a22003131a 4500
001 000036068
003 12360
005 20160324000000.0
008 160324s0 000 eng
041 |a eng 
082 |a 428.6  |b KH-Q 
100 |a Khoa Quốc tế học 
245 |a Tập bài giảng tiếng anh nâng cao  |c Khoa Quốc Tế Học 
300 |a 100tr . : mh ; 30cm 
650 |a Tập bài giảng tiếng anh nâng cao, tiếng anh nâng cao 
852 |b Chuyên đề  |c Giáo trình 
OWN |a LNN 
AVA |a UDN50  |b LNN  |d 428.6 KH-Q  |e available  |t Error 5001 Not defined in file expand_doc_bib_avail.  |f 1  |g 0  |h N  |i 0  |k 1 
999 |a From the UDN01 
AVA |a UDN50  |b LNN  |d 428.6 KH-Q  |e available  |t Error 5001 Not defined in file expand_doc_bib_avail.  |f 1  |g 0  |h N  |i 0  |k 1 
TYP |a Monograph 
TYP |a Printed language 
980 |a Mạng thư viện Đại học Đà Nẵng